LEADER 01104nam0 2200385 450 001 990000901440203316 010 $a88-11-47265-2 035 $a0090144 035 $aUSA010090144 035 $a(ALEPH)000090144USA01 035 $a0090144 100 $a20020124d1994----km-y0ITAy01------ba 101 $aita 102 $aIT 105 $a||||||||001yy 200 1 $a<> svolta linguistica$fRichard Rorty$gintroduzione di Diego Marconi 210 $aMilano$cGarzanti$d1994 215 $a150 p$d20 cm 225 2 $aStrumenti di studio 300 $aTrad. di Stefano Velotti 410 $12001$aStrumenti di studio 606 0 $aFilosofia del linguaggio$xSaggi 676 $a149.94 700 1$aRORTY,$bRichard$0143803 702 1$aMARCONI,$bDiego 801 0$aIT$bsalbc$gISBD 912 $a990000901440203316 951 $aV E COLL. 133/23$b118547 LM$cV E COLL. 959 $aBK 969 $aECO 979 $aPATTY$b90$c20020124$lUSA01$h1425 979 $c20020403$lUSA01$h1734 979 $aPATRY$b90$c20040406$lUSA01$h1702 996 $aSvolta linguistica$9805328 997 $aUNISA LEADER 02431oam 2200637M 450 001 9910716298403321 005 20200213070949.6 035 $a(CKB)5470000002519136 035 $a(OCoLC)1065624727 035 $a(OCoLC)995470000002519136 035 $a(EXLCZ)995470000002519136 100 $a20071213d1926 ua 0 101 0 $aeng 135 $aurcn||||||||| 181 $ctxt$2rdacontent 182 $cc$2rdamedia 183 $acr$2rdacarrier 200 10$aPermanent construction at military posts from proceeds of sale of War Department property. March 6, 1926. -- Ordered to be printed 210 1$a[Washington, D.C.] :$c[U.S. Government Printing Office],$d1926. 215 $a1 online resource (3 pages) 225 1 $aHouse report / 69th Congress, 1st session. House ;$vno. 481 225 1 $a[United States congressional serial set ] ;$v[serial no. 8532] 300 $aBatch processed record: Metadata reviewed, not verified. Some fields updated by batch processes. 300 $aFDLP item number not assigned. 606 $aLegislative amendments 606 $aMilitary bases 606 $aConstruction, Military 606 $aConstruction industry$xMilitary aspects 606 $aRevenue 606 $aGovernment auctions 606 $aFinance, Public 608 $aLegislative materials.$2lcgft 615 0$aLegislative amendments. 615 0$aMilitary bases. 615 0$aConstruction, Military. 615 0$aConstruction industry$xMilitary aspects. 615 0$aRevenue. 615 0$aGovernment auctions. 615 0$aFinance, Public. 701 $aCameron$b Ralph H$g(Ralph Henry),$f1863-1953$pRepublican (AZ)$01386849 701 $aFisher$b Hubert Frederick$f1877-1941$pDemocrat (TN)$01386840 701 $aFletcher$b Duncan Upshaw$f1859-1936$pDemocrat (FL)$01386188 701 $aHill$b John Philip$f1879-1941$pRepublican (MD)$0812547 701 $aJames$b William Francis$f1873-1945$pRepublican (MI)$01386802 701 $aWadsworth$b James Wolcott$f1877-1952$pRepublican (NY)$01386831 801 0$bWYU 801 1$bWYU 801 2$bOCLCO 801 2$bOCLCQ 801 2$bOCLCO 801 2$bOCLCQ 801 2$bOCLCO 906 $aBOOK 912 $a9910716298403321 996 $aPermanent construction at military posts from proceeds of sale of War Department property. March 6, 1926. -- Ordered to be printed$93540906 997 $aUNINA